| 000 | 00735nam a2200253Ia 4500 | ||
|---|---|---|---|
| 008 | 200601s9999 xx 000 0 und d | ||
| 020 | _a978-0-316-57907-7 | ||
| 050 | _aMAIN HM 1033 | ||
| 050 | _b.G53 2000 | ||
| 100 | _aGladwell, Malcolm. | ||
| 245 | 4 | _aThe Tipping point : | |
| 245 | 0 | _bhow little things can make a big difference / | |
| 245 | 0 | _cMalcolm Gladwell. | |
| 260 | _aNew York : | ||
| 260 | _bBack Bay books, | ||
| 260 | _c2000 | ||
| 300 | _a280 pages : | ||
| 300 | _c21 cm. | ||
| 500 | _aIncludes bibliographical references and index. | ||
| 650 | _aCausation (Social psychology). | ||
| 650 | _aSocial psychology. | ||
| 650 | _xContagion (Social psychology). | ||
| 650 | _xContect effects (Psychology). | ||
| 999 |
_c363205 _d363205 |
||